| 000 | 00773 a2200229 4500 | ||
|---|---|---|---|
| 001 | 54600 | ||
| 005 | 20260407155820.0 | ||
| 008 | 260407a1999 arg spa d | ||
| 003 | AR-UNSa-BCEJYS | ||
| 040 |
_aAR-UNSa-BCEJYS _bspa _cAR-UNSa-BCEJYS |
||
| 080 |
_a338.1 _xSituación económica. Ciclos. Desarrollo de la estructura económica |
||
| 245 | 1 | 0 | _aDe vuelta a la economía de la gran depresión |
| 020 | _a958-04-5421-3 | ||
| 264 | 1 |
_aBogotá : _bGrupo Editorial Norma _c1999 |
|
| 300 |
_a256 p. _c21 cm. |
||
| 041 | _aspa | ||
| 942 | _cBK | ||
| 590 | _aniveau_biblio:m niveau_hierar:0 | ||
| 100 | 1 | _aKrugman, Paul R. | |
| 700 | 1 | _aRecamán Santos, Bernardo | |
| 856 | 4 | 1 |
_uhttps://biblioeco.unsa.edu.ar/pmb/images/libros/L128530.jpg _yImagen de portada _qimage/jpeg |
| 999 |
_c5675 _d5675 |
||